|
|
|
|
| LEADER |
00000nab a22000005a 4500 |
| 001 |
AR-BbUGT7926 |
| 003 |
AR-BbUGT |
| 005 |
20181220002518.0 |
| 007 |
ta |
| 008 |
691231s1996||||ag |||p |||| 0|||||spa d |
| 040 |
|
|
|a AR-BbUGT
|c AR-BbUGT
|
| 100 |
1 |
|
|a Alonso Núñez, María
|
| 245 |
1 |
3 |
|a El universo Navajo y la explotación de sus recursos naturales en el siglo actual /
|c María Alonso Núñez
|
| 653 |
|
|
|a Recursos Naturales
|
| 653 |
|
|
|a Medio Ambiente
|
| 653 |
|
|
|a Impacto Ambiental
|
| 653 |
|
|
|a Navajos
|
| 653 |
|
|
|a Revista
|
| 653 |
|
|
|a Estudios Geográficos
|
| 773 |
0 |
|
|o R784.44
|g Vol. 57, no. 225 (1996), p. 181-206
|t Estudios Geográficos
|x 0014-1496
|w AR-BbUGT7001
|
| 942 |
|
|
|2 ddc
|c ARTPP
|
| 999 |
|
|
|c 13430
|d 13430
|